Regression on linear composites : statistical theory and applications /

Bibliographic Details
Main Author: Bentler, Peter M.
Other Authors: Woodward, J. Arthur
Format: Book
Language:English
Published: [Forth Worth? Tex.] : Society of Multivariate Experimental Psychology, [1979]
Series:Multivariate behavioral research monographs ; no. 79-1.
Subjects:

MARC

Tag First Indicator Second Indicator Subfields
LEADER 00000cam a2200000 a 4500
001 in00000091358
005 20151008063917.0
008 820301s1979 txu b 00010 eng
010 |a  81186734  
020 |c $8.50 (pbk.) 
035 |a (OCoLC)08284103 
035 |9 AAK3162AM 
039 0 |a 2  |b 3  |c 3  |d 3  |e 3 
040 |a DLC  |c DLC  |d TXA  |d UtOrBLW 
049 |a TXAM  |c [387649] 
050 0 0 |a BF39  |b .B44 
082 0 |a 519.5/36/02415  |2 19 
100 1 |a Bentler, Peter M. 
245 1 0 |a Regression on linear composites :  |b statistical theory and applications /  |c by P.M. Bentler and J. Arthur Woodward. 
264 1 |a [Forth Worth? Tex.] :  |b Society of Multivariate Experimental Psychology,  |c [1979] 
264 4 |c ©1979 
300 |a 58 pages ;  |c 23 cm. 
336 |a text  |b txt  |2 rdacontent 
337 |a unmediated  |b n  |2 rdamedia 
338 |a volume  |b nc  |2 rdacarrier 
490 1 |a Multivariate behavioral research monographs ;  |v no. 79-1 
500 |a Cover title. 
504 |a Bibliography: pages 53-58. 
650 0 |a Regression analysis. 
650 0 |a Psychometrics. 
700 1 |a Woodward, J. Arthur. 
830 0 |a Multivariate behavioral research monographs ;  |v no. 79-1. 
999 |a MARS 
999 f f |s 6a0158be-d6cb-3f90-9d07-53598e2a1c83  |i 23a23d40-ce53-3398-a336-1fb7d3b7ae14  |t 0 
952 f f |p ric  |a Texas A&M University  |b Rellis Campus  |c Joint Library Facility  |d Remote Storage  |t 0  |e BF39 .B44  |h Library of Congress classification  |i unmediated -- volume  |m A14806086182 
998 f f |a BF39 .B44  |t 0  |l Remote Storage